000 00503nam a2200157 i 4500
001 129159
003 ES-MaACL
005 20230906193440.0
007 t|
008 070607s1902 sp ||||1| spa d
100 1 _aTenreiro, Laureano.
_9109706
245 1 0 _aSobre el avituallamiento de los ejercitos
_b: estudio histórico /
_cLaureano Tenreiro.
260 _aMadrid :
_b[s.n.],
_c1902 (
_eImp. de la Administración militar)
650 0 4 _aIntendencia militar.
_913867
852 _aES-MaACL
_jT-1001-F-7
999 _c129159
_d129159